Хрестоматія з історії середніх віків (Запис № 306989)

МАРК-запис
000 -Лідер
fixed length control field 00681nam a22002417a 4500
001 - Контрольний номер
control field 20805
003 - Ідентифікатор контрольного номера
control field UA-OsUOA
005 - Дата та час останнього входження (трансакції)
control field 20210720143818.0
007 - Фіксоване поле фізичного опису
fixed length control field ta
008 - Елементи даних фіксованої довжини – загальна інформація
fixed length control field 20031104b un ||||| |||| 00| 0 ukr d
040 ## - Джерело каталогізації
Агенція оригінальної каталогізації UA-OsUOA
Мова каталогізації ukr
Агенція, яка здійснювала перезапис UA-OsUOA
Агенція, яка здійснювала модифікацію UA-OsUOA
041 ## - Код мови
Код мови тексту/ звукової доріжки чи окремого заголовка (П) ukr
044 ## - Код країни видавця/ виробника
Код країни видавця/ виробника (П) UA
080 ## - Індекс Універсальної десяткової класифікації
Індекс Універсальної десяткової класифікації (УДК) (НП) 94(4)"0375/1492"
090 ## - Локальний шифр розміщення
Класифікаційний індекс УДК 94(4)"0375/1492"
Авторський знак (НП) Х72
245 ## - Відомості про назву
Назва (НП) Хрестоматія з історії середніх віків
Дані про відповідальність (НП) за ред. М. П. Граціанського, І. С. Сказкіна
260 ## - Публікація, розповсюдження і т.п. (Вихідні дані)
Місце публікації, розповсюдження і т.п. (П) Київ
Ім’я/ наймення видавництва, розповсюджувача і т.п. (П) Радянська школа
Дата публікації, розповсюдження і т.п. (П) 1953
300 ## - Фізичний опис
Обсяг 340 с.
505 ## - Форматована примітка про зміст
Змішана інформація Т. 3
650 #7 - Додаткове предметне введення – тематичний термін
Джерело заголовка чи терміна UDC
942 ## - Додаткові елементи входу (Коха)
Тип елемента Koha Книги
Source of classification or shelving scheme Universal Decimal Classification
955 ## - Код типу видання за змістом
Код типу видання за змістом (НП) інше
Фонди
Стан вилучень Стан втрат Джерело класифікації або схеми стелажів Стан уражень Не для кредиту Постійне місце розташування Поточне розміщення Дата придбання Інвентарний номер Усього замовленно Штрих-код Дата останнього перегляду Ціна ефективна від Тип елемента Koha
    Universal Decimal Classification     АБ - Абонемент НБ АБ - Абонемент НБ 04/11/2003 56512   56512 07/02/2022 04/11/2003 Книги